000 01456nam a2200253Ia 4500
999 _c47690
_d47690
001 14559
003 GE_BSU
005 20241118154419.0
008 181216s2004||||ge |||||||||||||| ||geo||
040 _cGE_BSU
041 _ageo
080 _a57.089(075.8)+614.2(075.8) ლ-13
245 _aლაბორატორიული ბიოუსაფრთხოების სახელმძღვანელო /
_cმთარგმნ. ლელა ბაქანიძე ; რედ. : ლელა ბაქანიძე, პაატა იმნაძე.
250 _aმე-3 გამოცემა
264 _aჟენევა :
_bჯანმრთელობის მსოფლიო ორგანიზაცია
_c2004.
300 _a260 გვ. ;
_c21 სმ.
500 _aგამოცემა დაფინანსებულია ევროკავშირის მიერ
504 _aბიბლიოგრ. : გვ. 202-207
653 _aლაბორატორიული ბიოუსაფრთხოების სახელმძღვანელო
653 _aლაბორატორიაში მუშაობის უსაფრთხოება
700 _aბაქანიძე, ლელა
_eმთარგმნელი
_923727
700 _aიმნაძე, პაატა
_eრედაქტორი
_911269
942 _cBK
_2udc